=LDR 00000nam 2200000 4500 =001 NUTBA000000000003797 =005 20140827103958.0 =006 =007 =008 =020 ##$$a 978-979-29-2212-7 =035 ##$$a 0010-081400000000642 =040 ##$$a NBPDMAT =082 ##$$a 658.403 53 =084 ##$$a 658.403 53 Enn b =090 ##$$a 658.403 53 Enn b =100 ##$$a Ennie Lucia =245 ##$$a Belajar Dengan Heboh / $c Ennie Lucia =250 ##$$a Cet. 1 =260 ##$$a Yogyakarta : $b G. Media, $c 2012 =300 ##$$a 75 hlm. : $b ilus. ; $c 19 cm. =500 ##$$a Bibliografi : Hlm. 75 =650 ##$$a motivasi =990 ##$$a 21408977 =990 ##$$a 0001/BPAP-NTB/20142014 =990 ##$$a 0001/BPAP-NTB/20142014 =990 ##$$a 0001/BPAP-NTB/20142014 =990 ##$$a 0001/BPAP-NTB/20142014 =990 ##$$a 0001/BPAP-NTB/20142014